Statistics for Name That TNA / Impact Tag Team

Click here to take the quiz!

General Stats

  • This quiz has been taken 71 times
    (52 since last reset)
  • The average score is 12 of 18

Answer Stats

WrestlersTeam Name% Correct
James Storm & Bobby RoodeBeer Money, Inc.
93%
Chris Sabin & Alex ShelleyThe Motor City Machine Guns
93%
Brother Ray & Brother DevonTeam 3D
90%
Homicide & HernandezLAX / The OGz
88%
Abyss & Crazzy SteveDecay
83%
Eddie Edwards & Davey RichardsThe Wolves
83%
Max & Jeremy BuckGeneration Me
76%
Dave & Jake CristoVe
76%
Fenix & Pentagon, Jr.The Lucha Brothers
76%
Brutus Magnus & Doug WilliamsThe British Invasion
71%
Robbie E & Jessie GodderzThe BroMans
71%
Jessie Neal & Shannon MooreInk Inc.
68%
Hernandez & AnarquiaMexican America
61%
Cody Deaner & Cousin JakeThe Deaners
61%
Lance Rock & Jimmy RaveThe Rock 'n' Rave Infection
39%
Naito & YujiroNo Limit
34%
Rohit Raju & Raj SinghThe Desi Hit Squad
34%
DJZ & Andrew EverettZ&E
24%

Score Distribution

Percentile by Number Answered

Percent of People with Each Score

Your Score History

You have not taken this quiz since the last reset